Guess the Tate McRae song #3 - Statistics

General Stats
  • This quiz has been taken 66 times
    51 since last reset
  • The average score is 306 of 536
Answer Stats
% Correct
I
100%
a
95%
you
90%
you,
90%
(You
90%
you)
90%
do
80%
I'm
80%
(I'm
80%
the
80%
The
80%
it
78%
it,
78%
It
78%
No,
78%
love
75%
that
75%
that,
75%
that)
75%
That
75%
be
73%
me
73%
me,
73%
my
73%
to
70%
your
70%
she
68%
We
68%
we
68%
not
65%
want
65%
In
63%
know
63%
like
63%
and
60%
boy,
60%
can't
60%
how
60%
where
60%
for
58%
go
58%
see
58%
though
58%
you're
58%
It's
55%
never
55%
Now
55%
now,
55%
on
55%
but
53%
feel
53%
was
53%
will
53%
acting
50%
again,
50%
again
50%
might
50%
call,
48%
call
48%
Last
48%
of
48%
Right
48%
Thought
48%
thought
48%
as
45%
Could
45%
night,
45%
say
45%
answered
43%
even
43%
tit
43%
about
40%
back
40%
(Back
40%
back)
40%
deal
40%
I'll
40%
make
40%
met
40%
tat,
40%
this,
40%
this
40%
day
38%
had
38%
sealed
38%
up
38%
were
38%
always
35%
blessing
35%
good,
35%
good
35%
(Good
35%
have
35%
Let's
35%
let's
35%
really
35%
Why
35%
at?
33%
at?)
33%
got,
33%
kiss
33%
side
33%
song
33%
song,
33%
That's
33%
fucking
30%
made
30%
messy
30%
messy,
30%
off
30%
took
30%
Took
30%
you'd
30%
heat
28%
here
28%
hurts
28%
If
28%
looks
28%
one
28%
shit
28%
ass
25%
(Ass
25%
best
25%
ego
25%
ending
25%
making
25%
our
25%
out
25%
self,
25%
shame
25%
asked
23%
(Asked
23%
away
23%
bruise
23%
damn
23%
hearing
23%
left
23%
through
23%
tryna
23%
Fix
20%
known
20%
nothing
20%
plate
20%
Should've
20%
where's
20%
write?
20%
change
18%
exactly
18%
far
18%
fight
18%
future
18%
narrative
18%
picked
18%
respectful,
18%
type
18%
worse
18%
Wow,
18%
changing
15%
makes
15%
partying
10%
without
10%
No matching quizzes found
Score Distribution
Percent of People with Each Score
Percentile by Number Answered
Your Score History
You have not taken this quiz since the last reset